Κωνσταντίνος : (μελέτη πολιτικής ιστορίας και κριτικής)

Αποθηκεύτηκε σε:
Λεπτομέρειες βιβλιογραφικής εγγραφής
Κύριος συγγραφέας: Βαϊδης, Θωμάς, Αθ
Μορφή: Βιβλίο
Γλώσσα:Greek
Δημοσίευση: Αθήναι : Έκδοσις της Εφημερίδος Πατρίς, 1934.
Θέματα:
Ετικέτες: Προσθήκη ετικέτας
Δεν υπάρχουν, Καταχωρήστε ετικέτα πρώτοι!

MARC

LEADER 00000nam a2200000 a 4500
001 1/127164
008 230824t1934####gr | ||| |||| ||gre||
040 |a GR-MyUa  |b gre  |c GR-MyUa  |e AACR2 
041 0 |a gre 
082 7 |a 938.6  |2 (23) 
100 1 |a Βαϊδης, Θωμάς, Αθ. 
245 1 0 |a Κωνσταντίνος :   |b (μελέτη πολιτικής ιστορίας και κριτικής) /   |c υπό Θωμά Αθ. Βαϊδη.  
260 |a Αθήναι :   |b Έκδοσις της Εφημερίδος Πατρίς,   |c 1934.  
300 |a 312, [4] σ. ;   |c 22 εκ.  
500 |a Μηνιαίαι Εκδόσεις "Πατρίδος".  
600 0 0 |a Κωνσταντίνος Α',   |c Βασιλιάς των Ελλήνων,   |d 1868-1923. 
651 0 |a Greece  |x History  |y 1821- 
852 |a INST  |b SAMOS  |e 20230821  |h 938.6 ΒΑΙ  |p 005300047830  |q 005300047830  |t BK  |y 0 
970 |a Γουβάλα  |b Βάσω  |z 24-08-2023